Proceedings of the Seminar on the Potential of Acacia and Other Plantation Species

Bibliographic Details
Corporate Authors: SEMINAR on the Potential of Acacia and Other Plantation Species, Institut Penyelidikan Perhutanan Malaysia (FRIM), Malaysia, Malaysian Timber Industry Board (MTIB)
Format: Book
Published: Kuala Lumpur : Malaysian Timber Industry Board , [1994]
Subjects:

MARC

LEADER 00000cam a2200000 7i4500
001 0000000876
005 20020301.0
090 0 0 |a 634.973748   |b SEM [1994] 
110 1 0 |a SEMINAR on the Potential of Acacia and Other Plantation Species   |k 1993   |j Kuala Lumpur 
245 1 0 |a Proceedings of the Seminar on the Potential of Acacia and Other Plantation Species 
260 0 0 |a Kuala Lumpur :   |b Malaysian Timber Industry Board ,   |c [1994] 
300 |a 94 p. :   |b ill. ;   |c 31 cm. 
650 0 0 |a Acacia   |x Congresses 
650 0 0 |a Mangium   |x Congresses 
710 1 1 |a Institut Penyelidikan Perhutanan Malaysia (FRIM) 
710 1 1 |a Malaysia ,   |c Forestry Department 
710 1 1 |a Malaysian Timber Industry Board (MTIB) 
998 |a JPSM 
999 |a 0000000544   |b Monograph   |c Reference   |e Default branch 
999 |a 0000000545   |b Monograph   |c Open Shelf   |e Default branch 
999 |a 0000000546   |b Monograph   |c Open Shelf   |e Default branch 
999 |a 0000001863   |b Monograph   |c Open Shelf   |e Default branch